Library of the University of Algiers 3
Ibrahim Sultan Cheibout
شعار جامعة الجزائر 3
مكتبة جامعة الجزائر 3
إبراهيم سلطان شيبوط

نظريات التعلم و تطبيقاتها التربوية (رقم التسجيلة. 13212)

تفاصيل مارك
000 -LEADER
fixed length control field 00605nam a2200205Ia 4500
003 - CONTROL NUMBER IDENTIFIER
control field IEPS
005 - DATE AND TIME OF LATEST TRANSACTION
control field 20250703135314.0
008 - FIXED-LENGTH DATA ELEMENTS--GENERAL INFORMATION
fixed length control field 250223s9999||||xx |||||||||||||| ||und||
020 ## - INTERNATIONAL STANDARD BOOK NUMBER
International Standard Book Number 9957161369
040 ## - CATALOGING SOURCE
-- IEPS
041 ## - LANGUAGE CODE
Language code of text/sound track or separate title ara
082 ## - DEWEY DECIMAL CLASSIFICATION NUMBER
Classification number 150.15
100 ## - MAIN ENTRY--PERSONAL NAME
Personal name عبد الهادي جودت
245 #0 - TITLE STATEMENT
Title نظريات التعلم و تطبيقاتها التربوية
260 ## - PUBLICATION, DISTRIBUTION, ETC.
Place of publication, distribution, etc. عمان
Name of publisher, distributor, etc. دار الثقافة للنشر و التوزيع
Date of publication, distribution, etc. 2006
300 ## - PHYSICAL DESCRIPTION
Extent 296 ص.
Other physical details مخططات
Dimensions 24 سم.
653 ## - INDEX TERM--UNCONTROLLED
Uncontrolled term التعلم
653 ## - INDEX TERM--UNCONTROLLED
Uncontrolled term علم النفس التربوي
942 ## - ADDED ENTRY ELEMENTS (KOHA)
Koha item type كتب
المقتنيات
Withdrawn status Lost status Source of classification or shelving scheme Damaged status Not for loan Home library Current library Date acquired Inventory number Total checkouts Full call number Barcode Date last seen Copy number Price effective from Koha item type Date last checked out
    Dewey Decimal Classification   NOT LOAN / إعارة داخلية مكتبة معهد التربية البدنية و الرياضية مكتبة معهد التربية البدنية و الرياضية 23/02/2025 invar7831   150.15 ع ا ن / 1 invar7831 23/02/2025 ل ع 2517 / 1 23/02/2025 كتب  
    Dewey Decimal Classification   Available مكتبة معهد التربية البدنية و الرياضية مكتبة معهد التربية البدنية و الرياضية 23/02/2025 invar7832   150.15 ع ا ن / 2 invar7832 31/03/2026 ل ع 2517 / 2 23/02/2025 كتب 15/10/2025
    Dewey Decimal Classification   Available مكتبة معهد التربية البدنية و الرياضية مكتبة معهد التربية البدنية و الرياضية 23/02/2025 invar7833   150.15 ع ا ن / 3 invar7833 23/02/2025 ل ع 2517 / 3 23/02/2025 كتب  

موارد الويب المفتوحة


© University of Algiers 3 All Rights Reserved
|
Implemented by LECHELAH Riad